Marvel Netflix Shows - Statistics

General Stats
  • This quiz has been taken 73 times
  • The average score is 5 of 6
Answer Stats
Premiere Year Netflix Show % Correct
2015 Daredevil
100%
2016 Luke Cage
97%
2015 Jessica Jones
89%
2017 The Punisher
89%
2017 Iron Fist
86%
2017 The Defenders
81%
No matching quizzes found
Score Distribution
Percent of People with Each Score
Percentile by Number Answered
Your Score History
You have not taken this quiz